000 00534nam a2200205Ia 4500
003 OSt
005 20221007112255.0
006 a|||||r|||| 00| 0
007 ta
008 221006b |||||||| |||| 00| 0 eng d
024 _a25,905
037 _cBound Volume
040 _aLCO
_cLCO
_beng
041 _2eng
_aeng
245 0 _aINDIAN JOURNAL OF GENDER STUDIES
260 _aNew
_bDelhi SAGE publications India
_c1994
490 _v44780 (2000- 01)
942 _cCR
999 _c1195468
_d1195468